<?xml version="1.0" encoding="UTF-8"?><?xml-stylesheet type="text/xsl" href="static/style.xsl"?><OAI-PMH xmlns="http://www.openarchives.org/OAI/2.0/" xmlns:xsi="http://www.w3.org/2001/XMLSchema-instance" xsi:schemaLocation="http://www.openarchives.org/OAI/2.0/ http://www.openarchives.org/OAI/2.0/OAI-PMH.xsd"><responseDate>2026-04-17T14:11:19Z</responseDate><request verb="GetRecord" identifier="oai:www.recercat.cat:2445/185426" metadataPrefix="marc">https://recercat.cat/oai/request</request><GetRecord><record><header><identifier>oai:recercat.cat:2445/185426</identifier><datestamp>2025-12-05T13:12:29Z</datestamp><setSpec>com_2072_1057</setSpec><setSpec>col_2072_478798</setSpec><setSpec>col_2072_478917</setSpec></header><metadata><record xmlns="http://www.loc.gov/MARC21/slim" xmlns:dcterms="http://purl.org/dc/terms/" xmlns:xsi="http://www.w3.org/2001/XMLSchema-instance" xmlns:doc="http://www.lyncode.com/xoai" xsi:schemaLocation="http://www.loc.gov/MARC21/slim http://www.loc.gov/standards/marcxml/schema/MARC21slim.xsd">
   <leader>00925njm 22002777a 4500</leader>
   <datafield ind2=" " ind1=" " tag="042">
      <subfield code="a">dc</subfield>
   </datafield>
   <datafield ind2=" " ind1=" " tag="720">
      <subfield code="a">Cuenca Álvarez, Carla</subfield>
      <subfield code="e">author</subfield>
   </datafield>
   <datafield ind2=" " ind1=" " tag="720">
      <subfield code="a">Primé Méndez, Tania</subfield>
      <subfield code="e">author</subfield>
   </datafield>
   <datafield ind2=" " ind1=" " tag="260">
      <subfield code="c">2022-05-06T17:18:28Z</subfield>
   </datafield>
   <datafield ind2=" " ind1=" " tag="260">
      <subfield code="c">2022-05-06T17:18:28Z</subfield>
   </datafield>
   <datafield ind2=" " ind1=" " tag="260">
      <subfield code="c">2017-02-02</subfield>
   </datafield>
   <datafield ind2=" " ind1=" " tag="260">
      <subfield code="c">2022-05-06T17:18:28Z</subfield>
   </datafield>
   <datafield ind2=" " ind1=" " tag="520">
      <subfield code="a">lntroducció. Són pocs els estudis existents sobre el calçat laboral exclusivament sanitari i la seva contribució en desenvolupar complicacions podològiques. La present investigació es dissenyada per valorar el calçat sanitari infermer de l'Hospital Universitari de Bellvitge. Objectius. Principal: determinar el grau de coneixença de la mostra sobre la importancia del calçat laboral i les seves conseqüències en el rendiment laboral. Secundaris: determinar el tipus de calçat laboral mes utilitzat i els factors de rise individuals i/o laborals associats a l'us d'un tipus concret de calçat laboral; determinar el calçat mes adequat/ergonomic pel sector infermer que previngui/redueixi lesions podològiques. Material i metodes. Es realitza una revisió bibliografica seguida d'un estudi observacional transversal repartint 145 enquestes (mètode de recull d'informació); només 121 son vàlides i analitzades informàticament amb Excel. La mostra es de 105 infermeres i 16 infermers d'unitats d'Hospitalització convencional de l'Hospital Univeristari de Bellvitge d'entre 21-65 anys. Resultats. La informació publicada sobre la materia es escassa. De l'estudi, un 61 % no utilitza el calçat laboral homologat per falta de Comoditat/Adaptació al peu (34%) seguit de Transpirabilitat/Sudoració (18%) i Dolor/Molestia (16%). Els principals problemes podològics deguts al seu us s6n: Sudoraci6 excessiva (27%), Hiperqueratosi (23%), Estries talars (18%). Conclusions. El coneixement dels subjectes sobre la repercussi6 del caçat laboral en rendiment laboral es adequat; no obstant, l'esclop amb tira posterior es el calçat laboral predominant (36%), sent el calçat tancat l'ideal. Es recomana millorar el model homologat de l'Hospital Universitari de Bellvitge segons els resultats obtinguts.</subfield>
   </datafield>
   <datafield tag="653" ind2=" " ind1=" ">
      <subfield code="a">Peu</subfield>
   </datafield>
   <datafield tag="653" ind2=" " ind1=" ">
      <subfield code="a">Calçat</subfield>
   </datafield>
   <datafield tag="653" ind2=" " ind1=" ">
      <subfield code="a">Hospitals</subfield>
   </datafield>
   <datafield tag="653" ind2=" " ind1=" ">
      <subfield code="a">Foot</subfield>
   </datafield>
   <datafield tag="653" ind2=" " ind1=" ">
      <subfield code="a">Footwear</subfield>
   </datafield>
   <datafield tag="653" ind2=" " ind1=" ">
      <subfield code="a">Hospitals</subfield>
   </datafield>
   <datafield ind2="0" ind1="0" tag="245">
      <subfield code="a">La importància de la protecció i cura dels nostres peus en horari laboral: anàlisi del calçat laboral dins l'àmbit hospitalari a Barcelona</subfield>
   </datafield>
</record></metadata></record></GetRecord></OAI-PMH>